Winston Churchill (Record no. 823062)
[ view plain ]
| 000 -CABECERA | |
|---|---|
| Campo de control de longitud fija | 00672nam a2200229 4500 |
| 001 - NÚMERO DE CONTROL | |
| Campo de control | VA43930 |
| 003 - IDENTIFICADOR DEL NÚMERO DE CONTROL | |
| Campo de control | ES-SlBCS |
| 005 - FECHA Y HORA DE LA ÚLTIMA TRANSACCIÓN | |
| Campo de control | 20210601155903.0 |
| 008 - CÓDIGOS DE INFORMACIÓN DE LONGITUD FIJA | |
| Campo de control de longitud fija | 140520s1995 xxu||||| |||| 00| 0 spa d |
| 017 ## - NÚMERO DE COPYRIGHT O DE DEPÓSITO LEGAL | |
| Número de copyright o de depósito legal | B.43461-1994 |
| 020 ## - NÚMERO INTERANCIONAL NORMALIZADO PARA LIBROS (ISBN) | |
| Número Internacional Normalizado para Libros (ISBN) | 84-395-3815-4 |
| 041 ## - CÓDIGO DE LENGUA | |
| Código de lengua del texto/banda sonora o título independiente | spa |
| 100 1# - PUNTO DE ACCESO PRINCIPAL-NOMBRE DE PERSONA | |
| Nombre de persona | Brendon, Piers |
| 9 (RLIN) | 384991 |
| 245 10 - MENCIÓN DE TÍTULO | |
| Título | Winston Churchill |
| Mención de responsabilidad, etc. | Piers Brendon; Víctor Pozanco |
| 260 ## - PUBLICACIÓN, DISTRIBUCIÓN, ETC... (PIE DE IMPRENTA) | |
| Lugar de publicación, distribución, etc. | Barcelona : |
| Nombre del editor, distribuidor, etc. | Planeta-De Agostini |
| Fecha de publicación, distribución, etc. | , 1995 |
| 300 ## - DESCRIPCIÓN FÍSICA | |
| Extensión | 254 p.; |
| Dimensiones | 21 cm |
| 490 0# - MENCIÓN DE SERIE | |
| Mención de serie | Grandes Biografías |
| Designación de volumen o secuencia | 3 |
| 500 ## - NOTA GENERAL | |
| Nota general | Tít. orig.: Winston Churchill: A Brief Life, 1984 |
| 600 1# - PUNTO DE ACCESO ADICIONAL DE MATERIA-NOMBRE DE PERSONA | |
| Nombre personal | Churchill, Winston-Biografía |
| 9 (RLIN) | 384992 |
| 700 1# - PUNTO DE ACCESO ADICIONAL-NOMBRE DE PERSONA | |
| Nombre de persona | Pozanco, Víctor |
| 9 (RLIN) | 245885 |
| 942 ## - ENTRADA DE ELEMENTOS AGREGADOS (KOHA) | |
| Koha [por defecto] tipo de item | Libros |
| Suprimido | Perdido | Estropeado | No para préstamo | Localización permanente | Localización actual | Localización en estantería | Fecha adquisición | Préstamos totales | Signatura completa | Número de Registro / Código de Barras | Fecha última consulta | Fecha del precio de reemplazo | Tipo de item de Koha |
|---|---|---|---|---|---|---|---|---|---|---|---|---|---|
| San Esteban | San Esteban | Valladolid | 11/07/2014 | 58/B5 | VA43930 | 11/07/2014 | 11/07/2014 | Libros |
